000 00476nam a2200181Ia 4500
005 20260429111913.0
008 260429s9999||||xx |||||||||||||| ||und||
020 _a9789358872200
041 _aEnglish
082 _a579
_bMEE
100 _aMeena, Kamalesh Kumar
245 0 _aFundamentals of microbiology /
_cKamalesh Kumar Meena
260 _aNew Delhi :
_bNipa,
_c2026.
300 _ax, 139 p.; hb
650 _aMicrobiology
700 _a Gupta, Lokesh
942 _cTB
999 _c51350
_d51350